Match the person to their country - click quiz - Statistics

General Stats
  • This quiz has been taken 123 times
  • The average score is 10 of 26
Answer Stats
Hint Explanation Answer % Correct
Jesus Judea
94%
Confucius China
88%
Andy Warhol USA
73%
Ho Chi Minh French Indochina
64%
Robert Mugabe Southern Rhodesia
63%
Joseph-Ignace Guillotin France
61%
Pope Benedict Germany
52%
Suharto Indonesia
46%
Giotto Florence
44%
Mongkut King Siam
41%
René Magritte Belgium
38%
Joni Mitchell Canada
38%
Alfred the Great Wessex
36%
Ingrida Šimonytė President Lithuania
32%
Immanuel Kant East Prussia
31%
Kaja Kallas President Estonia
29%
Sanna Marin President Finland
28%
Hermann Buhl Mountaineer Austria
23%
Liam Scales Celtic defender Ireland
23%
John Cale Musician UK
23%
Gary Sobers Barbados
17%
Jean Piaget Psychologist Switzerland
16%
Brian Lara Trinidad and Tobago
14%
M.C. Escher Netherlands
13%
Keanu Reeves Lebanon
12%
Camille Pissarro Artist Danish West Indies
5%
No matching quizzes found
Score Distribution
Percent of People with Each Score
Percentile by Number Answered
Your Score History
You have not taken this quiz